000 00456pab a2200157 454500
008 180718b2007 xxu||||| |||| 00| 0 eng d
100 _aKumar, Parmod
245 _aContract farming through agribusiness firms and state corporation: a case study in Punjab
260 _c2007
300 _ap.5367-375.
362 _a30 Dec
650 _aAgriculture - India - Punjab
650 _aAgriculture
773 _aEconomic and Political Weekly
909 _a72618
999 _c72618
_d72618